Massive mandate to AAP to have repercussions beyond Delhi (Record no. 514061)

000 -LEADER
fixed length control field 00404nam a22001337a 4500
008 - FIXED-LENGTH DATA ELEMENTS--GENERAL INFORMATION
fixed length control field 201003b ||||| |||| 00| 0 eng d
100 ## - MAIN ENTRY--PERSONAL NAME
Personal name Sangwan, Sher Singh
245 ## - TITLE STATEMENT
Title Massive mandate to AAP to have repercussions beyond Delhi
260 ## - PUBLICATION, DISTRIBUTION, ETC. (IMPRINT)
Place of publication, distribution, etc Mainstream
300 ## - PHYSICAL DESCRIPTION
Extent 58(10), 22 Feb,2020: p. 33-34
773 ## - HOST ITEM ENTRY
Main entry heading Mainstream
906 ## - LOCAL DATA ELEMENT F, LDF (RLIN)
Subject DIP INDIA - DELHI - POLITICS AND GOVERNMENT
942 ## - ADDED ENTRY ELEMENTS (KOHA)
Item type Articles
Holdings
Withdrawn status Lost status Source of classification or shelving scheme Damaged status Not for loan Permanent location Current location Date acquired Serial Enumeration / chronology Barcode Date last seen Koha item type
          Indian Institute of Public Administration Indian Institute of Public Administration 2020-10-03 58(10), 22 Feb,2020: p. 33-34 AR123119 2020-10-03 Articles

Powered by Koha